| 000 | 00193nam a22000737a 4500 | ||
|---|---|---|---|
| 999 |
_c23945 _d23945 |
||
| 003 | Nust | ||
| 005 | 20170227124512.0 | ||
| 008 | 140428b xxu||||| |||| 00| 0 eng d | ||
| 020 |
_cAvailable _a8120308557 |
||
| 040 |
_aDLC _bDLC _cRCMS |
||
| 082 |
_23rd,ed. _a004.22 MAN |
||
| 100 | _aMano, M. Morris, | ||
| 245 |
_aComputer System Architecture _cMano, M. Morris, |
||
| 250 | _a3rd,ed. | ||
| 260 |
_aNew Delhi (India) _bPrentice-Hall _cc2005 |
||
| 300 |
_axiii, 525 p. : _bill. ; _c26 cm. |
||
| 650 | _aComputer System Artchitecture | ||
| 856 |
_3Table of contents only _uhttp://www.loc.gov/catdir/toc/ecip0716/2007017469.html |
||
| 942 |
_2ddc _cBK |
||